|
|
|
|
| LEADER |
01527nam a2200397 a 4500 |
| 001 |
000414149 |
| 003 |
CZ BrMZK |
| 005 |
20200610141138.0 |
| 007 |
ta |
| 008 |
990315s1999 xr f cze d |
| 015 |
|
|
|a cnb000693473
|
| 020 |
|
|
|a 80-7226-153-3
|
| 035 |
|
|
|a (OCoLC)42820385
|
| 040 |
|
|
|a BOA001
|b cze
|
| 080 |
|
|
|a 681.3.066 Windows NT 4
|2 MRF
|
| 100 |
1 |
|
|a Cafourek, Bohdan,
|d 1965-
|7 mzk2003196150
|4 aut
|
| 245 |
1 |
0 |
|a 1001 tipů a triků pro Microsoft Windows NT 4 Server /
|c Bohdan Cafourek, Jana Břehovská
|
| 246 |
3 |
2 |
|a Tisícjedna tipů a triků pro Microsoft Windows NT 4 Server
|
| 250 |
|
|
|a Vyd. 1.
|
| 260 |
|
|
|a Praha :
|b Computer Press,
|c 1999
|
| 300 |
|
|
|a ix, 433 s. :
|b il. ;
|c 23 cm
|
| 490 |
1 |
|
|a Operační systémy
|
| 490 |
1 |
|
|a Co ještě nevíte o-
|
| 500 |
|
|
|a Bibliogr.
|
| 500 |
|
|
|a Dostupné též v digitální podobě v aplikaci Kramerius
|
| 653 |
0 |
|
|a Windows NT 4 Server
|
| 700 |
1 |
|
|a Břehovská, Jana
|7 xx0018196
|4 aut
|
| 830 |
|
0 |
|a Operační systémy
|0 s
|
| 830 |
|
0 |
|a Co ještě nevíte o-
|
| 856 |
4 |
1 |
|u http://www.digitalniknihovna.cz/mzk/uuid/uuid:3068cc70-9e68-11e5-a7d7-005056827e52
|y Digitalizovaný dokument
|x NDK
|
| 910 |
|
|
|a BOA001
|b 2-1058.680
|b TK-0265.058
|
| 920 |
|
|
|a 000212758
|
| 964 |
|
|
|a Windows NT 4 Server
|x příručky
|
| 990 |
|
|
|a BK
|
| 996 |
6 |
|
|b 2610092023
|c 2-1058.680
|l MZK
|r Sklad / do 1 hodiny
|n 25
|p p.v.
|w 000414149
|u 000010
|a 1
|e BOA001
|j MZK50
|s P
|
| 996 |
7 |
|
|b 2620014779
|c TK-0265.058
|l MZK
|r Sklad / do 24 hodin
|n 7
|p kup
|w 000414149
|u 000020
|a 1
|e BOA001
|j MZK50
|s A
|